Black Panther Quotes - Statistics

General Stats
  • This quiz has been taken 177 times
  • The average score is 8 of 13
Answer Stats
Quote Character % Correct
Just bury me in the ocean with my ancestors who jumped from ships, 'cause they knew death was better than bondage. Erik Killmonger
85%
Like an antelope in headlights. Okoye
81%
No, it's Kansas. Shuri
81%
I bought the building. And that one... and that one. King T'Challa
80%
I took that chunk of vibranium out of a MOUNTAIN of the stuff! Ulysses Klaue
75%
You are a good man, with a good heart. And it's hard for a good man to be a king. King T'Chaka
70%
If you say one more word, I'll feed you to my children! ... I'm kidding. We're vegetarians. M'Baku
64%
You cannot let your father's actions define your life. You get to decide what kind of king you want to be. Nakia
62%
I am the cause of your father's death. Not him. Take me. Zuri
55%
Please don’t make me listen to your music. Everett Ross
42%
No tears for me, son? N'Jobu
37%
The world is changing. Soon there will only be the conquerors and the conquered. I'd rather be the former. W'Kabi
35%
You know what? I'm just going to take these chips and set them over here. Stan Lee
30%
No matching quizzes found
Score Distribution
Percent of People with Each Score
Percentile by Number Answered
Your Score History
You have not taken this quiz